<The> halloween effect on financial markets
Salvato in:
| Autore principale: | |
|---|---|
| Altri autori: | , |
| Natura: | Libro |
| Lingua: | inglese |
| Pubblicazione: |
Praha
Wolters Kluwer
2017
|
| Edizione: | 1st ed. |
| Soggetti: | |
| Tags: |
Nessun Tag, puoi essere il primo ad aggiungerne!!
|
MARC
| LEADER | 00000nam a2200000 4500 | ||
|---|---|---|---|
| 001 | 0227378 | ||
| 005 | 20240502083611.6 | ||
| 020 | |a 978-80-7552-576-5 | ||
| 041 | 0 | |a eng | |
| 044 | |a CZ | ||
| 245 | 1 | 0 | |a <The> halloween effect on financial markets |c Peter Árendáš ; reviewers: Elena Gregová, Daniela Tkáčová |
| 250 | |a 1st ed. | ||
| 264 | 1 | |a Praha |b Wolters Kluwer |c 2017 | |
| 300 | |a 103 s. [4,89 AH] |e errata | ||
| 610 | 2 | 0 | |a trh finančný |
| 610 | 2 | 0 | |a trh akciový |
| 610 | 2 | 0 | |a komodity |
| 610 | 2 | 0 | |a dlhopisy |
| 610 | 2 | 0 | |a stratégia investičná |
| 100 | 1 | |a Árendáš, Peter, 1986- | |
| 700 | 1 | |a Gregová, Elena | |
| 700 | 1 | |a Tkáčová, Daniela, 1954- | |